Predictive analytics for business strategy : (Record no. 18466)

MARC details
000 -LEADER
fixed length control field 00573nam a2200169Ia 4500
008 - FIXED-LENGTH DATA ELEMENTS--GENERAL INFORMATION
fixed length control field 220501s2021 xx 000 0 eng d
020 ## - INTERNATIONAL STANDARD BOOK NUMBER
International Standard Book Number 9789390219810
082 ## - DEWEY DECIMAL CLASSIFICATION NUMBER
Classification number 658.4012 PRI-P
100 ## - MAIN ENTRY--PERSONAL NAME
Personal name Prince, Jeffrey T
245 #0 - TITLE STATEMENT
Title Predictive analytics for business strategy :
Remainder of title reasoning from data to actionable knowledge /
Statement of responsibility, etc Jeffrey T. Prince and Amarnath Bose
260 ## - PUBLICATION, DISTRIBUTION, ETC. (IMPRINT)
Place of publication, distribution, etc Chennai :
Name of publisher, distributor, etc McGraw Hill,
Date of publication, distribution, etc 2021.
300 ## - PHYSICAL DESCRIPTION
Extent / Pages xx, 360 p. ;
650 ## - SUBJECT ADDED ENTRY--TOPICAL TERM
Topical term or geographic name as entry element Business planning - Study and teaching
650 ## - SUBJECT ADDED ENTRY--TOPICAL TERM
Topical term or geographic name as entry element Quantitative research
700 ## - ADDED ENTRY--PERSONAL NAME
Personal name Bose, Amarnath
942 ## - ADDED ENTRY ELEMENTS (KOHA)
Source of classification or shelving scheme
Koha item type Reference Books
Holdings
Withdrawn status Lost status Source of classification or shelving scheme Damaged status Not for loan Home library Current library Date acquired Source of acquisition Full call number Barcode Date last seen Copy number Bill Date Koha item type Bill Number Currency Cost, normal purchase price
          SOBD Library SOBD Library 05/05/2022 Vedi Books 658.4012 PRI-P1 001058 01/07/2022 1 14/04/2022 Reference Books VEDI/22-23/04/07    
          SOBD Library SOBD Library 05/05/2022 Vedi Books 658.4012 PRI-P2 001059 01/07/2022 2 14/04/2022 Books VEDI/22-23/04/07    
          SOBD Library SOBD Library 15/05/2023 Vedi Books 658.4012 PRI-P3 002938 15/05/2023 3 17/04/2023 Books VEDI/23-24/04/10 INR 799.00
          SOBD Library SOBD Library 15/05/2023 Vedi Books 658.4012 PRI-P4 002939 15/05/2023 4 17/04/2023 Books VEDI/23-24/04/10 INR 799.00
          SOBD Library SOBD Library 15/05/2023 Vedi Books 658.4012 PRI-P5 002940 15/05/2023 5 17/04/2023 Books VEDI/23-24/04/10 INR 799.00
          SOBD Library SOBD Library 15/05/2023 Vedi Books 658.4012 PRI-P6 002941 15/05/2023 6 17/04/2023 Books VEDI/23-24/04/10 INR 799.00
          SOBD Library SOBD Library 15/05/2023 Vedi Books 658.4012 PRI-P7 002942 15/05/2023 7 17/04/2023 Books VEDI/23-24/04/10 INR 799.00
          SOBD Library SOBD Library 15/05/2023 Vedi Books 658.4012 PRI-P8 002943 12/10/2023 8 17/04/2023 Books VEDI/23-24/04/10 INR 799.00
          SOBD Library SOBD Library 17/02/2026 All Inida Book House 658.4012 PRI-P9 007342 23/02/2026 9 17/02/2026 Books NA/IN/1928 INR 1030.00
          SOBD Library SOBD Library 17/02/2026 All Inida Book House 658.4012 PRI-P10 007343 23/02/2026 10 17/02/2026 Books NA/IN/1928 INR 1030.00
          SOBD Library SOBD Library 17/02/2026 All Inida Book House 658.4012 PRI-P11 007344 23/02/2026 11 17/02/2026 Books NA/IN/1928 INR 1030.00
          SOBD Library SOBD Library 17/02/2026 All Inida Book House 658.4012 PRI-P12 007345 23/02/2026 12 17/02/2026 Books NA/IN/1928 INR 1030.00
          SOBD Library SOBD Library 17/02/2026 All Inida Book House 658.4012 PRI-P13 007346 23/02/2026 13 17/02/2026 Books NA/IN/1928 INR 1030.00
Hosted, Implemented, Customized & Maintained by: BestBookBuddies

Powered by Koha